000 00646nam a2200205Ia 4500
001 8403
003 GE_BSU
008 181216s||||||||xx |||||||||||||| ||und||
040 _cGE_BSU
080 _a821.353.1-32
100 _aელისაბედიშვილი,ე
245 _aმოთხრობები
245 _cრედ.კ.ლორთქიფანიძე, მხატვ.მ.ბელიაშვილი
260 _aთბილისი
260 _bსაბჭოთა მწერალი
260 _c1969
300 _a221გვ.15სმ.
653 _aმოთხრობები
942 _cBK
999 _c41722
_d41722